| 000 | nam a22 7a 4500 | ||
|---|---|---|---|
| 999 |
_c129420 _d129420 |
||
| 008 | 190423b xxu||||| |||| 00| 0 eng d | ||
| 050 | _aBT102.T713 1961 | ||
| 100 |
_aTresmontant, Claude _945860 |
||
| 245 |
_aToward the knowledge of God _c/ by Claude Tresmontant |
||
| 260 |
_aBaltimore: _bHelicon Press, _cc1961. |
||
| 300 |
_avii, 120p. ; _c21cm. |
||
| 700 |
_eOlsen, Robert J., tr. _945861 |
||
| 942 |
_2lcc _cMONOGRAPH |
||